000 00678nam a2200241Ia 4500
003 OSt
005 20220928102110.0
006 a|||||r|||| 00| 0
007 ta
008 220927b |||||||| |||| 00| 0 eng d
024 _a112100
037 _cAnnuals, Advances
040 _aSDCL
_cSDCL
_beng
041 _2eng
_aeng
082 _aL:421p2,P00, P0
100 _aGupta Sushma Ed.
_9396586
245 0 _aTuberculosis.
260 _aGurgaon
_bRanbaxy Science Foundation
_c2000
300 _a142p.
_ccm.
700 _a Sood O P Ed.
_9393889
942 _hL:421p2,P00, P0
_cREF
_2CC
999 _c712334
_d712334